Riconosci il Pokémon - Quiz n°43 - Statistics

Statistiche generali
  • Questo quiz è stato fatto 9 volte
  • Il punteggio medio è 9 su 10
Statistiche sulle risposte
Indizio Risposta % Corretto
Abilità Aiutinsetto; Muta; Nullodifesa
100%
Tipo Coleottero
100%
Stadio evoluzione Forma Base
100%
Generazione Quinta
100%
Tasso di cattura 200 (36.6%)
89%
Sesso 50% ♂, 50% ♀
89%
Peso 5,9 kg
89%
Altezza 0,5 m
78%
Tasso di allevamento Medio-Veloce
78%
Pokémon Karrablast
67%
Nessun quiz corrispondente trovato
Distribuzione punteggi
Percentuale di utenti per punteggio
Percentile per numero di risposta
I tuoi punteggi nel tempo
Non hai fatto questo quiz